| Tag |
First Indicator |
Second Indicator |
Subfields |
| LEADER |
00000cam a2200000 4500 |
| 001 |
in00000016994 |
| 005 |
20151007053343.0 |
| 008 |
721213s1970 fi a b 00010 ger d |
| 010 |
|
|
|a nuc71083557
|
| 035 |
|
|
|a (OCoLC)00513724
|
| 035 |
|
|
|9 AAB1342AM
|
| 040 |
|
|
|a HUC
|c HUC
|d m/c
|d TXA
|d UtOrBLW
|
| 049 |
|
|
|a TXAM
|c [A10990458]
|
| 050 |
0 |
0 |
|a HD8039.F65
|b I7
|
| 050 |
|
4 |
|a Q60
|b .H53 nide 166
|
| 100 |
1 |
|
|a Salonen, Armas,
|d 1915-
|
| 245 |
1 |
4 |
|a Die Fischerei im alten Mesopotamien nach Sumerisch-Akkadischen Quellen. :
|b Eine lexikalische und kulturgeschichtliche Untersuchung.
|
| 264 |
|
1 |
|a Helsinki,
|b [publisher not identified] ;
|c 1970.
|
| 300 |
|
|
|a 314 pages :
|b 51 leaves of plates, illustrations ;
|c 26 cm.
|
| 336 |
|
|
|a text
|b txt
|2 rdacontent
|
| 337 |
|
|
|a unmediated
|b n
|2 rdamedia
|
| 338 |
|
|
|a volume
|b nc
|2 rdacarrier
|
| 490 |
1 |
|
|a Suomalaisen Tiedeakatemian toimituksia. Sarja B ;
|v nide 166
|
| 504 |
|
|
|a Includes bibliographies.
|
| 650 |
|
0 |
|a Fishers
|z Mesopotamia.
|
| 650 |
|
0 |
|a Fishes
|z Mesopotamia.
|
| 830 |
|
0 |
|a Suomalaisen Tiedeakatemian toimituksia.
|n Sarja B ;
|v nide 166.
|
| 999 |
|
|
|a MARS
|
| 999 |
f |
f |
|s 94a20f9c-11b6-3825-8af5-73099820e9a3
|i 2de9039c-fc35-35b9-ad3d-4e1c59369a71
|t 0
|
| 952 |
f |
f |
|p ric
|a Texas A&M University
|b Rellis Campus
|c Joint Library Facility
|d Remote Storage
|t 0
|e Q60 .H53 nide 166
|h Library of Congress classification
|i unmediated -- volume
|m A14810990458
|
| 998 |
f |
f |
|a Q60 .H53 nide 166
|t 0
|l Remote Storage
|